000 00791nam a2200229 i 4500
001 16387
003 ES-MaACL
005 20230906151316.0
007 t|
008 000906s1994 sp a s001 0 spa d
020 _a84-87563-17-1
080 _a017.1(460.27 Escorial)
080 _a016:76.034.5
245 0 0 _aReal colección de estampas de San Lorenzo de El Escorial /
_cedición de Jesús María González de Zárate.
260 _aVitoria-Gasteiz :
_bEphialte ;
_a[Madrid] :
_bPatrimonio Nacional,
_c1994.
300 _a1 v. (212 p. :
_bil.) ;
_c34 cm.
505 1 _aV. 5: Gal-Gal
650 4 _aGrabado-
_zMonasterio de El Escorial. Biblioteca.
_9146589
700 1 _aGonzález de Zárate, Jesús María.
_958577
710 2 _aMonasterio de El Escorial.
_95729
852 _aES-MaACL
999 _c16387
_d16387